000 00436nam a2200145 a 4500
001 000034331
005 20200930073637.0
008 111003s1866 enk 000 0 spa d
040 _aDO-SdBNP
_bspa
_cBNPHU
082 _axxx
100 1 _aIrving, Washington,
_d1783-1859.
_911986
245 1 0 _aLife and voyages of Christopher Columbus /
_cWashington Irving.
260 _aLondres :
_bWilliam Tegg,
_c1866.
300 _axvi, 367 p. ;
_c15 cm.
999 _c33822
_d33822